|
|
|
|
| LEADER |
00000nam a2200000 4500 |
| 001 |
vtls011782339 |
| 003 |
SK-MaSNL |
| 005 |
20260302022949.0 |
| 008 |
220509s2017 xo f n 100 0 slo |
| 015 |
|
|
|a SNBA2018/10
|
| 020 |
|
|
|a 9788081870477
|q (brožované)
|
| 035 |
|
|
|a urn:nbn:sk:snk-am00gk2d
|
| 035 |
|
|
|a urn:nbn:sk:snk-am3j5ed
|
| 035 |
|
|
|a A086EFFE-D6BD-4AAF-9269-48AA770F0521
|
| 040 |
|
|
|a SNK
|b slo
|c SNK
|e rda
|
| 041 |
0 |
|
|a slo
|a cze
|b eng
|
| 044 |
|
|
|a xo
|c SK
|
| 072 |
|
7 |
|a 576
|x Celulárna biológia. Cytológia
|2 konspekt
|
| 080 |
|
|
|a 576.7
|2 2011
|
| 080 |
|
|
|a (082)
|2 2011
|
| 245 |
0 |
0 |
|a Nové trendy a perspektívy v histológii IV
|b recenzovaný zborník prác
|c zostavovatelia: Mária Kovalská, Marian Adamkov
|
| 264 |
|
1 |
|a Martin
|b Univerzita Komenského v Bratislave, Jesseniova lekárska fakulta v Martine
|c 2018
|
| 300 |
|
|
|a 89 strán
|b farebné fotografie, grafy, ilustrácie
|c 30 cm
|
| 336 |
|
|
|a text
|b txt
|2 rdacontent
|
| 337 |
|
|
|a bez média
|b n
|2 rdamedia
|
| 338 |
|
|
|a zväzok
|b nc
|2 rdacarrier
|
| 504 |
|
|
|a Obsahuje bibliografiu
|
| 546 |
|
|
|a Anglické resumé ; čiastočný text v češtine
|
| 650 |
0 |
7 |
|a histológia
|2 SNKPH
|9 2480
|
| 650 |
0 |
7 |
|a Histology
|2 SNKPHeng
|9 315897
|
| 655 |
|
7 |
|a zborníky
|2 SNKPH
|9 70165
|
| 655 |
|
7 |
|a Papers of several authors
|2 SNKPHeng
|9 153738
|
| 700 |
1 |
|
|a Kovalská Mária,
|d 1984-
|4 com
|9 197183
|
| 700 |
1 |
|
|a Adamkov, Marian,
|d 1954-
|4 com
|9 185682
|
| 919 |
|
|
|a 978-80-8187-047-7
|
| 958 |
|
|
|a NB
|
| 958 |
|
|
|a MI
|
| 999 |
|
|
|c 1034773
|d 1036703
|
| 952 |
|
|
|a SNK
|b SNK
|y PREZ
|7 0
|p 17A1336824
|o snkSB 93158
|i snk2018/19894
|8 0
|0 0
|1 0
|4 0
|d 2018-10-02
|f 1
|l 0
|r 2025-05-14 00:00:00
|w 2026-02-24
|
| 952 |
|
|
|a SNK
|b SNK
|y VYP
|7 0
|p 17A1336825
|o snkSB 93158 D1
|i snk2018/19895
|8 0
|0 0
|1 0
|4 0
|d 2018-10-02
|l 0
|r 2026-02-24 14:05:41
|w 2026-02-24
|